| 000 | 00419 a2200133 4500 | ||
|---|---|---|---|
| 003 | Nust | ||
| 005 | 20170207154550.0 | ||
| 040 | _cNust | ||
| 082 | _a799 | ||
| 245 |
_aClosing Address Meet Allied Officers MCC-29 (Photo Album Vol No. 3, 2003) _cMCS |
||
| 260 |
_aRawalpindi _bMCS _c08-08-2003 |
||
| 650 | _aPictures of Closing Address Meet Allied Officers MCC-29,(Photo Album Vol No. 3, 2003,CD-NO-12) | ||
| 651 | _aSweet Memories-MCS | ||
| 942 | _cBK | ||
| 999 |
_c198387 _d198387 |
||